| 000 | 00788nam a2200217 a 4500 | ||
|---|---|---|---|
| 001 | 000005972 | ||
| 005 | 20200929151851.0 | ||
| 008 | 090825s1990 dr r 000 0 spa d | ||
| 040 |
_aDO-SdBNP _bspa _cBNPHU |
||
| 082 |
_a341.754 _bS941c |
||
| 100 | 1 |
_aSubervi Bonilla, Rafael _916831 |
|
| 245 | 1 | 0 |
_aCompendio de legislación turística y afines / _cRafael Subervi Bonilla, Cristina García. |
| 260 |
_aSanto Domingo, _fCorripio _c1990. |
||
| 300 |
_a725 p. ; _c24 cm. |
||
| 504 | _aIncluye referencias bibliográficas y notas al pie de páginas. | ||
| 590 | _aInventariado, 2018/BT | ||
| 650 | 4 |
_aTurismo _xLegislación _zRepública Dominicana _916832 |
|
| 650 | 4 |
_aLeyes _zRepública Dominicana _93033 |
|
| 700 | 1 |
_aGarcía, Cristina _916833 |
|
| 910 | _aValidado. Control de calidad. EMS | ||
| 999 |
_c5768 _d5768 |
||